000 00273nam a22001337a 4500
008 170728b xxu||||| |||| 00| 0 eng d
020 _a0935702115
041 _aeng
080 _a621
100 _a26
101 _aIM
245 _aLASERS
_cSIEGMAN,A.E
942 _2udc
_cBK
999 _c22103
_d22103